00595nam a22001937a 450000500170000001000150001702000260003203500130005803500170007103700130008803700250010108200120012610000220013824500790016026000340023927000460027330000320031950000500035120130711120431.0 aENG-104971 a9788120345379c375.00 aEN-88504 aB-491008-010 bDBAD/PUB bOcean Books/Venadpl a658.406 aSatyanarayana, J. aManaging transformation :cby J. Satyanarayanabobjectives to outcomes / aNew DelhibPHI Learningc2012 aM-97, Connaught CircusbNew Delhie110001 axi,308p. :c24cm(pbk)bill. aIncludes bibliographical references and index